书目信息 |
| 题名: |
教育漫话
|
|
| 作者: | 洛克 著 ;郎悦洁 编译 | |
| 分册: | ||
| 出版信息: | 武汉 武汉出版社 2014.03 |
|
| 页数: | 259页 | |
| 开本: | 24cm | |
| 丛书名: | ||
| 单 册: | ||
| 中图分类: | G40-095.61 | |
| 科图分类: | ||
| 主题词: | 教育思想--jiao yu si xiang--英国--近代 | |
| 电子资源: | ||
| ISBN: | 978-7-5430-8052-2 | |
| 000 | 00820nam0 2200241 450 | |
| 001 | 011025154516 | |
| 005 | 20221025154516.0 | |
| 010 | @a978-7-5430-8052-2@dCNY69.80 | |
| 099 | @aCAL 012014024606 | |
| 100 | @a20201004e20192014em y0chiy0120 ea | |
| 101 | 1 | @achi@ceng |
| 102 | @aCN@b420000 | |
| 105 | @ay z 000yy | |
| 106 | @ar | |
| 200 | 1 | @a教育漫话@Ajiao yu man hua@f(英) 洛克著@g郎悦洁编译 |
| 210 | @a武汉@c武汉出版社@d2014.03@h2019.01 | |
| 215 | @a259页@d24cm | |
| 330 | @a本书分为上下两篇,包括家庭教育和学习教育,从孩子的衣食住行等生活习惯再到他们的学习成长,都有着详尽的叙述。 | |
| 606 | 0 | @a教育思想@Ajiao yu si xiang@y英国@z近代 |
| 690 | @aG40-095.61@v5 | |
| 701 | 0 | @a洛克@Aluo ke@g(Locke, John),@f1632-1704@4著 |
| 702 | 0 | @a郎悦洁@Alang yue jie@4编译 |
| 905 | @a河南城建学院图书馆@dG40-095.61@eL986 | |
| 教育漫话/(英) 洛克著/郎悦洁编译.-武汉:武汉出版社,2014.03(2019.01) |
| 259页;24cm |
| ISBN 978-7-5430-8052-2:CNY69.80 |
| 本书分为上下两篇,包括家庭教育和学习教育,从孩子的衣食住行等生活习惯再到他们的学习成长,都有着详尽的叙述。 |
| ● |
| 相关链接 |
|
|
|
正题名:教育漫话
索取号:G40-095.61/L986
 
预约/预借
| 序号 | 登录号 | 条形码 | 馆藏地/架位号 | 状态 | 备注 |
| 1 | 1590512 | 215905126 | 社科库409/409社科库 1排4列5层/ [索取号:G40-095.61/L986] | 在馆 | |
| 2 | 1590513 | 215905135 | 社科库409/409社科库 1排4列5层/ [索取号:G40-095.61/L986] | 在馆 | |
| 3 | 1590514 | 215905144 | 社科库409/409社科库 1排4列5层/ [索取号:G40-095.61/L986] | 在馆 |